Cantautori - Statistics

Statistiche generali
  • Questo quiz è stato fatto 235 volte
  • Il punteggio medio è 11 su 16
Statistiche sulle risposte
con Immagini Risposta % Corretto
Fabrizio De André
100%
Lucio Dalla
93%
Claudio Baglioni
90%
Lucio Battisti
90%
Morgan
89%
Franco Battiato
80%
Gino Paoli
80%
Rino Gaetano
80%
Francesco Guccini
72%
Giorgio Gaber
70%
Roberto Vecchioni
60%
Luigi Tenco
57%
Umberto Tozzi
56%
Enzo Jannacci
47%
Edoardo Vianello
41%
Claudio Lolli
19%
Nessun quiz corrispondente trovato
Distribuzione punteggi
Percentuale di utenti per punteggio
Percentile per numero di risposta
I tuoi punteggi nel tempo
Non hai fatto questo quiz